00495cam a2200157 i 4500020001500000041000800015082001300023100001800036245003300054260004700087300001300134650003300147942000700180952013300187999001700320 a0664208614 aENG00a232bCOB1 aCobb, John B.10aChrist in a pluralistic age  aPhiladelphia :bWestminster Press,c[1975] a287 p. ; aJesus Christ and his family cBK 00104070aHMIbHMIcGENd2020-01-22eLutheran School of Theology, Chicagol0o232 COB C2p11004128r2026-01-16w2026-01-16yBK c22824d22824